00863nam a2200217 a 4500001001000000003000500010005001700015008004100032010001100073011001100084040000900095100002800104245016100132260004100293500006000334502010900394650002200503650001400525650003600539856007000575000109690CHAP20220329144100.0140520s2014 mx sm |||||||spa d a106152 a107124 cCHAP1 aGarcía Reyes, Ursicio10aControl químico del zacate bermuda (Cynodon dactylon L.) en el cultivo de maíz, bajo dos sistemas de labranzah[En línea]cpor Ursicio García Reyes. aChapingo, Méx. :bEl autor,c2014. aPara ver el contenido del material haga clic en la liga aTesis (Ing. Agr. Esp. en Parasitología Agrícola) -- UACH. Departamento de Parasitología Agrícola14aCynodon dactylon.14aLabranza.14aMaízxMalas hierbasxControl. aFinding aiduhttp://10.13.5.2/tesis/sist109690.pdfzTeclea aquí